[Event "Paleochora op 11th"]
[Site "Paleochora"]
[Date "2018.07.21"]
[Round "5"]
[White "Fraser, John"]
[Black "Stefansson, Vignir Vatnar"]
[Result "1/2-1/2"]
[WhiteElo "1906"]
[BlackElo "2277"]
[PlyCount "54"]
[EventDate "2018.07.18"]
[EventType "swiss"]
[EventRounds "9"]
[EventCountry "GRE"]
[SourceTitle "CBM 186 Extra"]
[Source "ChessBase"]
[SourceDate "2018.08.24"]
[SourceVersion "1"]
[SourceVersionDate "2018.08.24"]
[SourceQuality "1"]

1. e4 d5 2. exd5 Qxd5 3. Nc3 Qd6 4. d4 Nf6 5. Nf3 c6 6. Ne5 Nbd7 7. Bf4 Nd5 8. Nxd5 Qxd5 9. Qf3 Nxe5 10. Qxd5 cxd5 11. Bxe5 f6 12. Bf4 Bd7 13. 0-0-0 e6 14. h4 Kf7 15. g3 b5 16. Bh3 a5 17. Rhe1 Be7 18. Rd3 Rhc8 19. Bd2 b4 20. Rde3 Ra6 21. f4 Bf8 22. Bf1 Rb6 23. Bd3 f5 24. g4 g6 25. h5 Rcb8 26. Kd1 Bd6 27. Rh3 Rh8 1/2-1/2

[Event "Torquay op 49th"]
[Site "Torquay"]
[Date "2015.11.15"]
[Round "5"]
[White "Bolt, Graham"]
[Black "Fraser, John"]
[Result "1/2-1/2"]
[WhiteElo "2028"]
[BlackElo "1870"]
[PlyCount "75"]
[EventDate "2015.11.13"]
[EventType "swiss"]
[EventRounds "5"]
[EventCountry "ENG"]
[SourceTitle "EXT 2022"]
[Source "ChessBase"]
[SourceDate "2021.10.06"]
[SourceVersion "1"]
[SourceVersionDate "2021.10.06"]
[SourceQuality "1"]

1. g3 e5 2. Bg2 d5 3. d3 Nc6 4. c4 dxc4 5. Bxc6+ bxc6 6. dxc4 Qxd1+ 7. Kxd1 Be6 8. b3 Bc5 9. e3 h5 10. h3 Nf6 11. Ba3 Rd8+ 12. Ke1 Bxa3 13. Nxa3 Ne4 14. Nf3 f6 15. Rc1 g5 16. Nb1 Rh7 17. Nfd2 Nxd2 18. Nxd2 Rhd7 19. Rc2 Bf5 20. Rb2 g4 21. hxg4 Bxg4 22. e4 Rd3 23. Rh2 R8d4 24. Rh4 Rxe4+ 25. Kf1 Red4 26. f3 Bxf3 27. Rxd4 exd4 28. Nxf3 Rxf3+ 29. Kg2 Re3 30. Rd2 Re4 31. Kf3 Rg4 32. Rh2 Rg5 33. Rh4 c5 34. b4 cxb4 35. Ke4 a5 36. a3 b3 37. a4 Rg4+ 38. Kd3 1/2-1/2

[Event "Torquay op 49th"]
[Site "Torquay"]
[Date "2015.11.14"]
[Round "2"]
[White "Fraser, John"]
[Black "Jaunooby, Ali Reza"]
[Result "1/2-1/2"]
[WhiteElo "1870"]
[BlackElo "2117"]
[PlyCount "35"]
[EventDate "2015.11.13"]
[EventType "swiss"]
[EventRounds "5"]
[EventCountry "ENG"]
[SourceTitle "EXT 2022"]
[Source "ChessBase"]
[SourceDate "2021.10.06"]
[SourceVersion "1"]
[SourceVersionDate "2021.10.06"]
[SourceQuality "1"]

1. e4 c5 2. Nf3 d6 3. d4 cxd4 4. Nxd4 Nf6 5. Nc3 a6 6. Bg5 e6 7. f4 Be7 8. Qf3 Qc7 9. 0-0-0 b5 10. e5 Bb7 11. Qg3 Nh5 12. Qh4 g6 13. Ndxb5 axb5 14. Nxb5 Qd7 15. Nxd6+ Kf8 16. Bxe7+ Qxe7 17. Qxe7+ Kxe7 18. Nxb7 1/2-1/2

[Event "Glorney Cup"]
[Site "Enfield"]
[Date "2015.07.22"]
[Round "5.7"]
[White "Fraser, John"]
[Black "Shafi, Declan"]
[Result "1-0"]
[WhiteElo "1913"]
[BlackElo "1908"]
[PlyCount "56"]
[EventDate "2015.07.20"]
[EventType "team-schev"]
[EventRounds "6"]
[EventCountry "IRL"]
[SourceTitle "CBM 167 Extra"]
[Source "ChessBase"]
[SourceDate "2015.09.14"]
[SourceVersion "1"]
[SourceVersionDate "2015.09.14"]
[SourceQuality "1"]
[WhiteTeam "England"]
[BlackTeam "Scotland"]
[WhiteTeamCountry "ENG"]
[BlackTeamCountry "SCO"]

1. e4 c6 2. Ne2 d5 3. e5 g6 4. d4 Bg7 5. h4 h5 6. Nd2 c5 7. c3 Nc6 8. Nf3 Nh6 9. Nf4 Bg4 10. e6 cxd4 11. exf7+ Nxf7 12. cxd4 Nxd4 13. Nxd4 Bxd1 14. Bb5+ Qd7 15. Bxd7+ Kxd7 16. Nde6 Bg4 17. Nxg7 Kd6 18. f3 Bd7 19. Nxg6 Rhg8 20. Nxh5 Rxg6 21. Nf4 Rg3 22. Kf2 Rag8 23. h5 Bf5 24. Ng6 R8xg6 25. Bf4+ e5 26. Bxg3 Rh6 27. Bh4 Ke6 28. g4 d4 1-0

[Event "Glorney Cup"]
[Site "Enfield"]
[Date "2015.07.20"]
[Round "1.7"]
[White "Shafi, Declan"]
[Black "Fraser, John"]
[Result "1-0"]
[WhiteElo "1908"]
[BlackElo "1913"]
[PlyCount "47"]
[EventDate "2015.07.20"]
[EventType "team-schev"]
[EventRounds "6"]
[EventCountry "IRL"]
[SourceTitle "CBM 167 Extra"]
[Source "ChessBase"]
[SourceDate "2015.09.14"]
[SourceVersion "1"]
[SourceVersionDate "2015.09.14"]
[SourceQuality "1"]
[WhiteTeam "Scotland"]
[BlackTeam "England"]
[WhiteTeamCountry "SCO"]
[BlackTeamCountry "ENG"]

1. c4 e5 2. Nc3 Nc6 3. g3 g6 4. Bg2 Bg7 5. e3 d6 6. Nge2 Be6 7. d4 exd4 8. Nxd4 Bd7 9. 0-0 Nge7 10. b3 0-0 11. Bb2 Qc8 12. Nd5 Nxd5 13. cxd5 Ne5 14. Rc1 Bh3 15. Qc2 Bxg2 16. Kxg2 c5 17. dxc6 bxc6 18. Nxc6 Nxc6 19. Bxg7 Nb4 20. Qe4 Qb8 21. Bxf8 Kxf8 22. a3 Na6 23. b4 Qd8 24. Qc6 1-0

[Event "Torquay op 48th"]
[Site "Torquay"]
[Date "2014.11.16"]
[Round "4"]
[White "Bartlett, Simon"]
[Black "Fraser, John"]
[Result "1/2-1/2"]
[WhiteElo "1961"]
[BlackElo "1934"]
[PlyCount "47"]
[EventDate "2014.11.14"]
[EventType "swiss"]
[EventRounds "5"]
[EventCountry "ENG"]
[SourceTitle "EXT 2022"]
[Source "ChessBase"]
[SourceDate "2021.10.06"]
[SourceVersion "1"]
[SourceVersionDate "2021.10.06"]
[SourceQuality "1"]

1. e4 c5 2. Nf3 d6 3. d4 cxd4 4. Nxd4 Nf6 5. Nc3 g6 6. Be3 Bg7 7. f3 0-0 8. Qd2 Nc6 9. Bc4 Bd7 10. 0-0-0 Rc8 11. Bb3 Nxd4 12. Bxd4 h5 13. Nd5 Nxd5 14. Bxd5 Bxd4 15. Qxd4 Qc7 16. Rd2 a5 17. a3 Qc5 18. Qxc5 Rxc5 19. b4 Rc7 20. Kb2 a4 21. Re1 Rfc8 22. Re3 Kg7 23. f4 Be6 24. Bxe6 1/2-1/2

[Event "EU-ch U18 24th"]
[Site "Batumi"]
[Date "2014.10.23"]
[Round "5"]
[White "Fraser, John"]
[Black "Ragnarsson, Dagur"]
[Result "1-0"]
[WhiteElo "1890"]
[BlackElo "2154"]
[PlyCount "81"]
[EventDate "2014.10.19"]
[EventType "swiss"]
[EventRounds "9"]
[EventCountry "GEO"]
[SourceTitle "EXT 2015"]
[Source "ChessBase"]
[SourceDate "2014.11.20"]
[SourceVersion "1"]
[SourceVersionDate "2014.11.20"]
[SourceQuality "1"]

1. e4 e6 2. d4 d5 3. Nd2 Nf6 4. e5 Nfd7 5. Bd3 c5 6. c3 Nc6 7. Ne2 cxd4 8. cxd4 f6 9. exf6 Nxf6 10. 0-0 Bd6 11. Nf3 Qc7 12. Nc3 a6 13. Bg5 0-0 14. Bh4 Bd7 15. Bg3 Rad8 16. Re1 Bxg3 17. hxg3 g6 18. Rc1 Ng4 19. Na4 Qd6 20. Nc5 Bc8 21. Qb3 Rf7 22. Qc3 Rdf8 23. Bb1 Ne7 24. b4 Nf5 25. Ne5 Nxe5 26. Rxe5 Rg7 27. Re2 Rc7 28. Qb2 Bd7 29. Rce1 Bb5 30. Re5 Rf6 31. a4 Bc4 32. a5 b6 33. axb6 Qxb6 34. Qa3 Ra7 35. Qa4 Bb5 36. Qa5 Qxa5 37. bxa5 Ng7 38. Bc2 Rc7 39. f3 Ne8 40. Bb3 Re7 41. Bxd5 1-0

[Event "Glorney Cup"]
[Site "Stirling"]
[Date "2014.08.04"]
[Round "1.9"]
[White "Fraser, John"]
[Black "Keating, Geoffrey"]
[Result "1-0"]
[WhiteElo "1854"]
[BlackElo "1597"]
[PlyCount "59"]
[EventDate "2014.08.04"]
[EventType "team-tourn"]
[EventRounds "6"]
[EventCountry "SCO"]
[SourceTitle "CBM 162 Extra"]
[Source "ChessBase"]
[SourceDate "2014.10.17"]
[SourceVersion "1"]
[SourceVersionDate "2014.10.17"]
[SourceQuality "1"]
[WhiteTeam "England"]
[BlackTeam "Ireland"]
[WhiteTeamCountry "ENG"]
[BlackTeamCountry "IRL"]

1. e4 c6 2. d4 d5 3. exd5 cxd5 4. c4 Nf6 5. Nc3 e6 6. Nf3 a6 7. cxd5 Nxd5 8. Bd3 Nc6 9. 0-0 Be7 10. Re1 Nxc3 11. bxc3 0-0 12. Bc2 Qc7 13. Qd3 g6 14. Bh6 Re8 15. Ng5 Bd6 16. Ne4 Be7 17. Rad1 Na5 18. Qf3 f5 19. Ng5 Bd6 20. h4 Bd7 21. Bb3 Nxb3 22. axb3 Bc6 23. Qd3 b5 24. Nxe6 Qf7 25. d5 Bd7 26. Qd4 Re7 27. Kf1 Bb8 28. Ng5 Qe8 29. Rxe7 Qxe7 30. Re1 1-0

[Event "GBR-ch 101st"]
[Site "Aberystwyth"]
[Date "2014.07.29"]
[Round "10"]
[White "Lenier, Jude"]
[Black "Fraser, John"]
[Result "1/2-1/2"]
[WhiteElo "2099"]
[BlackElo "1854"]
[PlyCount "49"]
[EventDate "2014.07.19"]
[EventType "swiss"]
[EventRounds "11"]
[EventCountry "WLS"]
[SourceTitle "CBM 161 Extra"]
[Source "ChessBase"]
[SourceDate "2014.08.29"]
[SourceVersion "1"]
[SourceVersionDate "2014.08.29"]
[SourceQuality "1"]

1. e4 c5 2. Nf3 d6 3. d4 cxd4 4. Nxd4 Nf6 5. Nc3 g6 6. Be3 Bg7 7. f3 0-0 8. Qd2 Nc6 9. g4 Be6 10. Nxe6 fxe6 11. 0-0-0 Ne5 12. Be2 Rc8 13. h4 Qa5 14. h5 Nc4 15. Bxc4 Rxc4 16. hxg6 hxg6 17. Bh6 Rfc8 18. Bxg7 Kxg7 19. Qh6+ Kf7 20. Rd3 Rxc3 21. Rxc3 Rxc3 22. bxc3 Qxc3 23. g5 Qe3+ 24. Kb2 Qb6+ 25. Ka1 1/2-1/2

[Event "GBR-ch 101st"]
[Site "Aberystwyth"]
[Date "2014.07.25"]
[Round "7"]
[White "Fraser, John"]
[Black "Brown, Thomas"]
[Result "1/2-1/2"]
[WhiteElo "1854"]
[BlackElo "2104"]
[PlyCount "77"]
[EventDate "2014.07.19"]
[EventType "swiss"]
[EventRounds "11"]
[EventCountry "WLS"]
[SourceTitle "CBM 161 Extra"]
[Source "ChessBase"]
[SourceDate "2014.08.29"]
[SourceVersion "1"]
[SourceVersionDate "2014.08.29"]
[SourceQuality "1"]

1. e4 c6 2. d4 d5 3. exd5 cxd5 4. c4 Nf6 5. Nc3 Nc6 6. Nf3 g6 7. cxd5 Nxd5 8. Qb3 Nxc3 9. bxc3 Bg7 10. Bf4 0-0 11. Be2 b6 12. 0-0 Bb7 13. Rfe1 Qd7 14. Rac1 Rfe8 15. Bb5 Qf5 16. Bg3 e6 17. Qa4 Rec8 18. Ba6 Bxa6 19. Qxa6 Qa5 20. Qe2 a6 21. h4 Qd5 22. Ng5 b5 23. Ne4 Re8 24. Qf3 f5 25. Ng5 Bh6 26. Qe2 Re7 27. Be5 Nxe5 28. Qxe5 Qxe5 29. Rxe5 Bxg5 30. hxg5 Rc8 31. c4 bxc4 32. Rc5 Rec7 33. R1xc4 Rxc5 34. dxc5 e5 35. Kf1 Kf7 36. Rh4 Rxc5 37. Rxh7+ Kg8 38. Ra7 Ra5 39. Rb7 1/2-1/2

[Event "GBR-ch 101st"]
[Site "Aberystwyth"]
[Date "2014.07.21"]
[Round "3"]
[White "Fraser, John"]
[Black "Menadue, Jeremy FS"]
[Result "1/2-1/2"]
[WhiteElo "1854"]
[BlackElo "2117"]
[PlyCount "36"]
[EventDate "2014.07.19"]
[EventType "swiss"]
[EventRounds "11"]
[EventCountry "WLS"]
[SourceTitle "CBM 161 Extra"]
[Source "ChessBase"]
[SourceDate "2014.08.29"]
[SourceVersion "1"]
[SourceVersionDate "2014.08.29"]
[SourceQuality "1"]

1. e4 c5 2. Nf3 d6 3. d4 cxd4 4. Nxd4 Nf6 5. Nc3 a6 6. Bg5 e6 7. f4 Be7 8. Qf3 Qc7 9. 0-0-0 Nbd7 10. g4 b5 11. Bxf6 gxf6 12. Bd3 Bb7 13. Rhe1 Nb6 14. f5 e5 15. Nb3 b4 16. Nd5 Nxd5 17. exd5 a5 18. Bb5+ Kd8 1/2-1/2

[Event "Paignton op"]
[Site "Paignton"]
[Date "2013.09.05"]
[Round "5"]
[White "Littlejohns, David"]
[Black "Fraser, John"]
[Result "1/2-1/2"]
[WhiteElo "2031"]
[BlackElo "1862"]
[PlyCount "51"]
[EventDate "2013.09.01"]
[EventType "swiss"]
[EventRounds "7"]
[EventCountry "ENG"]
[SourceTitle "EXT 2016"]
[Source "ChessBase"]
[SourceDate "2015.10.08"]
[SourceVersion "1"]
[SourceVersionDate "2015.10.08"]
[SourceQuality "1"]

1. e4 c5 2. Nc3 Nc6 3. g3 g6 4. Bg2 Bg7 5. d3 d6 6. f4 e6 7. Nf3 Nge7 8. 0-0 0-0 9. Ne2 Rb8 10. c3 b5 11. Be3 b4 12. Qd2 bxc3 13. bxc3 Qa5 14. Rab1 Bd7 15. Qc2 d5 16. e5 Rxb1 17. Rxb1 Rb8 18. Rxb8+ Nxb8 19. Qb2 Qb6 20. Qa3 Na6 21. Qb3 Bf8 22. Qxb6 axb6 23. Kf1 Nc6 24. Ke1 Be7 25. Kd2 Na5 26. Nc1 1/2-1/2

[Event "BCF-ch Major op"]
[Site "Torquay"]
[Date "2013.08.08"]
[Round "10.97"]
[White "Fraser, John"]
[Black "Stayt, James N"]
[Result "1-0"]
[WhiteElo "1954"]
[BlackElo "1980"]
[PlyCount "115"]
[EventDate "2013.07.29"]
[EventType "swiss"]
[EventRounds "11"]
[EventCountry "ENG"]
[SourceTitle "EXT 2023"]
[Source "ChessBase"]
[SourceDate "2022.10.05"]
[SourceVersion "1"]
[SourceVersionDate "2022.10.05"]
[SourceQuality "1"]

1. e4 e6 2. d4 d5 3. Nd2 Nf6 4. e5 Nfd7 5. Bd3 c5 6. c3 Nc6 7. Ne2 cxd4 8. cxd4 f6 9. exf6 Nxf6 10. 0-0 Bd6 11. Nf3 Qc7 12. Nc3 a6 13. Bg5 0-0 14. Bh4 Bd7 15. Bg3 Bxg3 16. hxg3 Rae8 17. Rc1 Qd6 18. Re1 Qe7 19. a3 g6 20. Bb1 Qg7 21. Qd2 Re7 22. Na4 Ng4 23. Nc5 Rxf3 24. gxf3 Nxd4 25. Kg2 Nh6 26. Nxd7 Rxd7 27. Qf4 Nf7 28. Rc8+ Nd8 29. Re5 N4c6 30. Rxe6 Qf7 31. Qxf7+ Kxf7 32. Re1 Ne6 33. f4 Ne7 34. Rc2 Kf6 35. Ba2 Nd4 36. Rd2 Ndc6 37. Kf3 d4 38. Re6+ Kg7 39. Re1 Kf6 40. Red1 Nc8 41. Bb1 N8e7 42. Be4 Kg7 43. b4 b5 44. Rc1 Nd8 45. Rcd1 Ne6 46. Bb1 Kf6 47. Ba2 Nc6 48. Rc1 Ned8 49. Rc5 Ne7 50. Ke4 Ndc6 51. Bd5 Rd6 52. Bxc6 Nxc6 53. Rd5 Re6+ 54. Kf3 h5 55. Re2 Rxe2 56. Kxe2 Ke6 57. Rg5 Kf6 58. Kd3 1-0

[Event "BCF-ch Major op"]
[Site "Torquay"]
[Date "2013.08.06"]
[Round "8.94"]
[White "Hill, Alistair"]
[Black "Fraser, John"]
[Result "1-0"]
[WhiteElo "2110"]
[BlackElo "1954"]
[PlyCount "59"]
[EventDate "2013.07.29"]
[EventType "swiss"]
[EventRounds "11"]
[EventCountry "ENG"]
[SourceTitle "EXT 2023"]
[Source "ChessBase"]
[SourceDate "2022.10.05"]
[SourceVersion "1"]
[SourceVersionDate "2022.10.05"]
[SourceQuality "1"]

1. e4 c5 2. Nf3 d6 3. d4 cxd4 4. Nxd4 Nf6 5. Nc3 g6 6. Be3 Bg7 7. f3 0-0 8. Qd2 Nc6 9. g4 Be6 10. Nxe6 fxe6 11. 0-0-0 Ne5 12. Be2 Rc8 13. h4 Qa5 14. h5 Nc4 15. Bxc4 Rxc4 16. hxg6 hxg6 17. Bh6 Rfc8 18. Bxg7 Kxg7 19. Kb1 Rxc3 20. bxc3 Qa3 21. Qc1 Qxc3 22. Qb2 Qc5 23. g5 Qxg5 24. Qxb7 Re8 25. Rxd6 Kf7 26. Rd3 Qe5 27. Qxa7 Qb8+ 28. Rb3 Rd8 29. Qe3 Nd5 30. exd5 1-0